| 000 | 00533cam a2200181 4500 | ||
|---|---|---|---|
| 001 | 27359 | ||
| 005 | 20230410132659.0 | ||
| 008 | 060907n1977 ag spa | ||
| 041 | _aspa | ||
| 050 | 1 | 4 |
_aPS 525 _bC965 1977 |
| 082 | 0 | 0 | _a813.082 |
| 245 | 1 | 3 |
_aEl cuento norteamericano del siglo XIX / _cSelección y notas Nora Dottori. |
| 260 |
_aBuenos Aires : _bCentro Editor de América Latina _c1977 |
||
| 300 | _a180 p. | ||
| 650 | 0 |
_aAmerican fiction _xTranslations into Spanish. |
|
| 700 | 1 | _aDottori, Nora | |
| 942 |
_2lcc _cbk |
||
| 999 |
_c85817 _d85817 |
||